|
|
|
|
| LEADER |
00000cam a2200000 7i4500 |
| 001 |
0000004850 |
| 005 |
20151222.0 |
| 008 |
070731 |
| 020 |
|
|
|a 9831283058
|
| 090 |
0 |
0 |
|a JF
|b MOR JAW (4345)
|
| 245 |
0 |
0 |
|a Jangan menghina
|
| 260 |
|
|
|a Kuala Lumpur :
|b Penerbitan Fargoes ,
|c 2005
|
| 440 |
|
|
|a Siri cerita pengajaran
|
| 500 |
|
|
|a Children ages 7-9 years old (orange)
|
| 650 |
|
0 |
|a Junior fiction
|x jawi
|
| 650 |
|
0 |
|a Moral
|
| 999 |
|
|
|a 0000899856
|b Book
|c Children Collection
|e Cawangan Tmn. Ungku Tun Aminah
|
| 999 |
|
|
|a 0000899857
|b Book
|c Children Collection
|e Cawangan Tmn. Ungku Tun Aminah
|
| 999 |
|
|
|a 0000899861
|b Book
|c Children Collection
|e Cawangan Tangkak
|
| 999 |
|
|
|a 0000899864
|b Book
|c Children Collection
|e Cawangan Mersing
|
| 999 |
|
|
|a 0000899865
|b Book
|c Children Collection
|e Cawangan Mersing
|
| 999 |
|
|
|a 0000978441
|b Book
|c Children Collection
|e Cawangan Urban Transformation Centre
|
| 999 |
|
|
|a 0000978442
|b Book
|c Children Collection
|e Perbadanan Perpustakaan Awam Johor
|
| 999 |
|
|
|a 0000978443
|b Book
|c Children Collection
|e Perbadanan Perpustakaan Awam Johor
|
| 999 |
|
|
|a 0000978444
|b Book
|c Children Collection
|e Cawangan Urban Transformation Centre
|
| 999 |
|
|
|a 0001215256
|b Book
|c Children Collection
|e Cawangan Kota Tinggi
|
| 999 |
|
|
|a 0001215260
|b Book
|c Children Collection
|e Cawangan Mersing
|
| 999 |
|
|
|a 0001215262
|b Book
|c Children Collection
|e Cawangan Tangkak
|
| 999 |
|
|
|a 0001215263
|b Book
|c Children Collection
|e Cawangan Bukit Gambir
|
| 999 |
|
|
|a 0001215265
|b Book
|c Children Collection
|e Cawangan Tmn. Ungku Tun Aminah
|
| 999 |
|
|
|a 0001215266
|b Book
|c Children Collection
|e Cawangan Segamat
|
| 999 |
|
|
|a 0001215267
|b Book
|c Children Collection
|e Cawangan Taman Universiti
|
| 999 |
|
|
|a 0001215268
|b Book
|c Children Collection
|e Cawangan Taman Universiti
|